Statistics for Municipalities of San Marino

Click here to take the quiz!

General Stats

  • This quiz has been taken 214 times
  • The average score is 5 of 9

Answer Stats

Answer% Correct
City of San Marino
99%
Serravalle
64%
Acquaviva
51%
Domagnano
51%
Faetano
49%
Fiorentino
49%
Montegiardino
48%
Borgo Maggiore
43%
Chiesanuova
43%

Score Distribution

Percentile by Number Answered

Percent of People with Each Score

Your Score History

You have not taken this quiz